| 000 | 00886nam a2200289Ia 4500 | ||
|---|---|---|---|
| 003 | OSt | ||
| 005 | 20221005092628.0 | ||
| 006 | a|||||r|||| 00| 0 | ||
| 007 | ta | ||
| 008 | 221004b |||||||| |||| 00| 0 eng d | ||
| 020 |
_a9781138181885 (hbk) _cUKP 120.00 |
||
| 024 | _a34233 | ||
| 037 |
_b1383, 24/08/2017, Bright Book Service _cTextual |
||
| 040 |
_aCRL _cCRL _beng |
||
| 041 |
_2eng _aeng |
||
| 082 | _aQ7, Q7 | ||
| 100 |
_aGibson Dawn-Marie Ed. _9617602 |
||
| 245 | 0 | _aNew perspectives on the nation of Islam | |
| 260 |
_aNew York _bRoutlege USA _c2017 |
||
| 300 |
_aix,252p. _ccm. |
||
| 490 | _aRoutledge studies in religion | ||
| 650 | _a RELIGION | ||
| 650 | _aISLAM | ||
| 700 |
_a Berg Herbert Ed. _9450507 |
||
| 942 |
_hQ7, Q7 _cTEXL _2cc |
||
| 999 |
_c999122 _d999122 |
||